Statistiques concernant Les 20 villes les plus peuplées du Limousin

Cliquez ici pour prendre le quiz!

Statistiques générales

  • Ce quiz a été pris 37 fois
  • Le résultat moyen est 10 sur 20

Statistiques - réponses

Population Ville % Correct
133 924 / Haute-VienneLimoges
100%
15 496 / CorrèzeTulle
97%
49 127 / CorrèzeBrive-la-Gaillarde
97%
14 114 / CreuseGuéret
94%
10 657 / Haute-VienneSaint-Junien
71%
10 749 / CorrèzeUssel
68%
5 327 / CreuseLa Souterraine
68%
4 660 / CreuseAubusson
59%
4 576 / Haute-VienneBellac
50%
9 727 / Haute-ViennePanazol
35%
4 766 / Haute-VienneSaint-Léonard-de-Noblat
26%
7 689 / Haute-VienneIsle
26%
7 251 / Haute-VienneSaint-Yrieix-la-Perche
26%
6 632 / Haut-VienneCouzeix
26%
4 248 / Haute-VienneCondat-sur-Vienne
24%
5 466 / Haute-VienneAixe-sur-Vienne
24%
5 301 / Haute-VienneFeytiat
24%
6 533 / CorrèzeMalemort-sur-Corrèze
21%
4 831 / Haute-VienneAmbazac
18%
5 722 / Haute-VienneLe Palais-sur-Vienne
18%

Distribution des résultats

Percentile par nombre de réponses

% des personnes avec chaque résultat

Votre développement - résultats

Vous n’avez pas pris ce quiz